[Event "FICGS class E 000117 email"]
[Site "FICGS email"]
[Date "2009.12.23"]
[Round "1"]
[White "Aguado Lopez, Antonio"]
[Black "Stoyanov, Zdravko"]
[Result "1/2-1/2"]
[WhiteElo "1389"]
[BlackElo "1360"]
[PlyCount "104"]
[EventDate "2009.??.??"]
[EventType "tourn (corr)"]
[EventRounds "5"]
[SourceTitle "Corr 2022"]
[Source "ChessBase"]
[SourceDate "2021.10.24"]
[SourceVersion "1"]
[SourceVersionDate "2021.10.24"]
[SourceQuality "1"]

1. e4 c5 2. c4 Nc6 3. Nc3 e5 4. Nf3 d6 5. d3 h6 6. a3 Bg4 7. Nd5 Be6 8. Nc3 Nf6 9. h3 Be7 10. Be2 0-0 11. 0-0 Re8 12. g4 Qc8 13. Qd2 Na5 14. Bd1 Qd8 15. Ba4 Bd7 16. b4 cxb4 17. axb4 Bxa4 18. Rxa4 Nb3 19. Qc2 Nxc1 20. Rxc1 Nd7 21. Nd5 a6 22. Qd2 Nb6 23. Nxb6 Qxb6 24. Rb1 a5 25. Rba1 Ra6 26. Rxa5 Rxa5 27. Rxa5 Qd8 28. Qe3 f6 29. Nh4 d5 30. Rxd5 Qa8 31. Qf3 Bxb4 32. Qf5 Bc3 33. Rd7 Qc8 34. Ng6 Bd2 35. Ne7+ Rxe7 36. Rxe7 Qxf5 37. gxf5 b6 38. Rb7 Ba5 39. Rb8+ Kf7 40. Ra8 Bb4 41. Ra7+ Kf8 42. Ra4 Bc5 43. Ra8+ Ke7 44. Rc8 Bd4 45. Rc7+ Kf8 46. Rd7 Kg8 47. Kg2 Bc5 48. h4 Kf8 49. Rc7 Bd4 50. Rc8+ Ke7 51. f3 Be3 52. h5 Bd4 1/2-1/2

[Event "FICGS class E 000117 email"]
[Site "FICGS email"]
[Date "2009.12.23"]
[Round "1"]
[White "Quanter, Kirsty"]
[Black "Aguado Lopez, Antonio"]
[Result "0-1"]
[WhiteElo "1400"]
[BlackElo "1389"]
[PlyCount "36"]
[EventDate "2009.??.??"]
[EventType "tourn (corr)"]
[EventRounds "5"]
[SourceTitle "Corr 2022"]
[Source "ChessBase"]
[SourceDate "2021.10.24"]
[SourceVersion "1"]
[SourceVersionDate "2021.10.24"]
[SourceQuality "1"]

1. e4 e5 2. Nf3 Nc6 3. Bb5 Nf6 4. Bxc6 bxc6 5. Nc3 h6 6. Nxe5 Bd6 7. Nf3 Ba6 8. e5 Qe7 9. d4 Nh5 10. a3 f6 11. Ne2 fxe5 12. dxe5 Bc5 13. b4 Bxf2+ 14. Kxf2 0-0 15. h4 Rae8 16. g4 Qf7 17. gxh5 Qxf3+ 18. Kg1 Qf2# 0-1

[Event "FICGS class E 000105 email"]
[Site "FICGS email"]
[Date "2009.05.01"]
[Round "1"]
[White "Praz, Sylvain"]
[Black "Aguado Lopez, Antonio"]
[Result "0-1"]
[WhiteElo "1300"]
[BlackElo "1400"]
[PlyCount "100"]
[EventDate "2009.??.??"]
[EventType "tourn (corr)"]
[EventRounds "5"]
[SourceTitle "Corr 2022"]
[Source "ChessBase"]
[SourceDate "2021.10.24"]
[SourceVersion "1"]
[SourceVersionDate "2021.10.24"]
[SourceQuality "1"]

1. d4 d5 2. c4 Be6 3. cxd5 Bxd5 4. Nc3 Be6 5. e4 c6 6. h3 b5 7. b4 Na6 8. a3 Qc8 9. Bb2 Qc7 10. Be2 Nh6 11. Nf3 f6 12. 0-0 Rd8 13. Nxb5 cxb5 14. d5 g5 15. e5 Rxd5 16. Nd4 fxe5 17. Bxb5+ Bd7 18. Bxa6 exd4 19. Bxd4 Nf5 20. Rc1 Qd6 21. Qh5+ Kd8 22. Bxh8 Qxa6 23. Qxg5 Bh6 24. Qg8+ Be8 25. Rcd1 Rd3 26. Qxh7 Bh5 27. g4 Bg6 28. Rxd3+ Kc7 29. Be5+ Kb7 30. Rd6 Nxd6 31. Qxe7+ Ka8 32. Bxd6 Qc8 33. f4 Bf8 34. Qf6 Bxd6 35. Qxg6 Bc7 36. Qc6+ Kb8 37. f5 Bb6+ 38. Qxb6+ axb6 39. f6 Qc3 40. f7 Qg3+ 41. Kh1 Qxh3+ 42. Kg1 Qxg4+ 43. Kh1 Qe4+ 44. Kg1 Qe3+ 45. Rf2 Qg3+ 46. Rg2 Qe1+ 47. Kh2 Qf1 48. Rg7 Qf2+ 49. Kh3 Qf1+ 50. Kh4 Qf6+ 0-1

[Event "FICGS class E 000105 email"]
[Site "FICGS email"]
[Date "2009.05.01"]
[Round "1"]
[White "Price, Eric A Sr"]
[Black "Aguado Lopez, Antonio"]
[Result "0-1"]
[WhiteElo "1476"]
[BlackElo "1400"]
[PlyCount "32"]
[EventDate "2009.??.??"]
[EventType "tourn (corr)"]
[EventRounds "5"]
[SourceTitle "Corr 2022"]
[Source "ChessBase"]
[SourceDate "2021.10.24"]
[SourceVersion "1"]
[SourceVersionDate "2021.10.24"]
[SourceQuality "1"]

1. e4 e5 2. Nf3 d6 3. d4 exd4 4. Nxd4 Qe7 5. Nc3 g6 6. Bc4 Nf6 7. 0-0 Bd7 8. Bb3 c5 9. Nf3 b5 10. Ng5 c4 11. Nd5 Qd8 12. Qd4 Bg7 13. e5 Nc6 14. exf6 Nxd4 15. fxg7 Rg8 16. Re1+ Ne6 0-1